000 00757nam a22002057a 4500
008 250529b |||||||| |||| 00| 0 eng d
020 _a0970293208
040 _aCUZ
_beng
_crda
_dCUZ
_erda
050 _aRA643.8H86HUN
100 _aSusan S. Hunter
245 _aReshaping societies HIV/AIDS and social change:
_bA resource book for planning ,programs and policy making
_cby Susan S. Hunter
264 _aNew York
_bHudson run press
_c©2000
300 _aextent xv,376pages
336 _atext
_btxt
337 _aunmediated
_bn
338 _2rdacarrier
500 _aincludes bibliography
650 _aSystem of coping and care
_aPlanning approaches and methods
_aChildren and families
942 _cOS
_i643.8H86HUN
_kRA
999 _c45131
_d45131